Proyecto trabajo comunitario discapacidad (Registro nro. 66140)

Detalles MARC
000 -ENCABEZADO
Número de control [NR] 01375nam a2200277Ia 4500
008 - DE LONGITUD FIJA DE DATOS DE ELEMENTOS - INFORMACIÓN GENERAL
Elementos de longitud fija [NR] 130821s2000 ck ao gr spa
040 ## - FUENTE DE CATALOGACION [NR]
Agencia de catalogación original [NR] Co-BoUCM
Idioma de catalogación [NR] spa
041 00 - CODIGO DE IDIOMA [R]
Código de idioma para texto/pista de sonido o título separado [R] Español
245 00 - MENCION DE TITULO [NR]
Título [NR] Proyecto trabajo comunitario discapacidad
Mención de responsabilidad, etc. [NR] Convenio DABS-FE-Universidad del Rosario ; Diana Alejandra Alfonso Ayala...[et al.]
260 ## - PUBLICACION, DISTRIBUCION, ETC. (PIE DE IMPRENTA) [R]
Lugar de publicación, distribución, etc. [R] Bogotá (Colombia)
Nombre del editor, distribuidor, etc. [R] Univirsidad del Rosario
Fecha de publicación, distribución, etc. [R] 2000
300 ## - DESCRIPCION FISICA [R]
Extensión [R] 60 páginas
Otros detalles físicos [NR] ilustraciones, cuadros, tablas, fotografías
504 ## - NOTA DE BIBLIOGRAFIA, ETC. [R]
Nota de bibliografía, etc. [NR]
650 04 - ASIENTO SECUNDARIO DE MATERIA - TERMINO TEMATICO [R]
Término temático o nombre geográfico como elemento de entrada [NR] Bienestar social
9 (RLIN) 10081
650 04 - ASIENTO SECUNDARIO DE MATERIA - TERMINO TEMATICO [R]
Término temático o nombre geográfico como elemento de entrada [NR] Personas con discapacidad
Subdivisión general [R] Condiciones sociales
Subdivisión geográfica [R] Bogotá (Colombia)
9 (RLIN) 21433
650 04 - ASIENTO SECUNDARIO DE MATERIA - TERMINO TEMATICO [R]
Término temático o nombre geográfico como elemento de entrada [NR] Programas de salud
Subdivisión geográfica [R] Bogotá (Colombia)
9 (RLIN) 22527
650 04 - ASIENTO SECUNDARIO DE MATERIA - TERMINO TEMATICO [R]
Término temático o nombre geográfico como elemento de entrada [NR] Servicios de salud para la comunidad
Subdivisión geográfica [R] Bogotá (Colombia)
Subdivisión de forma [R] Programas
9 (RLIN) 24315
650 04 - ASIENTO SECUNDARIO DE MATERIA - TERMINO TEMATICO [R]
Término temático o nombre geográfico como elemento de entrada [NR] Trabajo social con personas con discapacidades
Subdivisión geográfica [R] Bogotá (Colombia)
Subdivisión de forma [R] Programas
9 (RLIN) 25611
700 1# - ASIENTO SECUNDARIO - NOMBRE PERSONAL [R]
Nombre personal [NR] Alfonso Ayala, Diana Alejandra
700 1# - ASIENTO SECUNDARIO - NOMBRE PERSONAL [R]
Nombre personal [NR] Basto Duarte, Alfonso Ayala
700 1# - ASIENTO SECUNDARIO - NOMBRE PERSONAL [R]
Nombre personal [NR] Cárdenas Rojas, Paola Jimena
700 1# - ASIENTO SECUNDARIO - NOMBRE PERSONAL [R]
Nombre personal [NR] Correa Pérez, Liliana Paola
700 1# - ASIENTO SECUNDARIO - NOMBRE PERSONAL [R]
Nombre personal [NR] Puerto Rojas, Angela Paola
710 1# - ASIENTO SECUNDARIO - NOMBRE CORPORATIVO [R]
Nombre corporativo o de jurisdicción como elemento de entrada [NR] Universidad Colegio Mayor de Nuestra Señora del Rosario.
Unidad subordinada [R] Escuela de Medicina y Ciencias de la Salud.
-- Cátedra de Salud Comunitaria y Gerencia en Salud
942 ## - ELEMENTOS DE ENTRADA AGREGADOS (KOHA)
Tipo de ítem principal el descrito en 300a Edición Rosarista
Sistema de clasificación DEWEY
Tema principal Sociología
Edición 1
Clasificación 362.4
Parte restante de la signatura top. P969
Existencias
Fecha de último préstamo Total préstamos Signatura topográfica Código de barras Última vez visto Ejemplar Price effective from Tipo de ítem Perdido Sistema de clasificación Dañado No prestable Tipo de ítem específico Suprimido Ubicación habitual Ubicación actual Localización Fecha de creación Forma de adquisición Costo
31/05/2010   362.4 P969 100105560 03/12/2025 Ej.1 03/02/2013 Edición Rosarista   DEWEY     Libro Edición Rosarista   Claustro Claustro 4to piso 28/02/2010 Donación 26000.00